Alle Autobahnkreuze, die die A1 hat - Statistiken

Allgemein
  • Dieses Quiz wurde 112 mal gespielt
  • Das Durchschnittsergebnis liegt bei 12 aus 30
Antwortstatistiken
Autobahnen Name des Autobahn-Kreuzes % Korrekt
A1+A44 Dortmund/Unna
75%
A1+A2 Kamen
71%
A1+A30 Lotte/Osnabrück
68%
A1+A3 Leverkusen
63%
A1+A27 Bremen
60%
A1+A20 Lübeck
53%
A1+A4 Köln-West
52%
A1+A57 Köln-Nord
51%
A1+A24 Hamburg - Ost
46%
A1+A43 Münster-Süd
45%
A1+A45 Westhofen
43%
A1+A8 Saarbrücken
41%
A1+A39 Maschen
39%
A1+A29 Ahlhorner Heide
38%
A1+A28 Stuhr
37%
A1+A46 Wuppertal-Nord
36%
A1+A43 Wuppertal-Nord
36%
A1+A226 Bad Schwartau
34%
A1+A7 Horst
31%
A1+A48 Vulkaneifel
31%
A1+A21 Bargteheide
29%
A1+A261 Buchholz
27%
A1+A25 Hamburg-Südost
27%
A1+A61A1+A553 Bliesheim
26%
A1+A59 Leverkusen-West
25%
A1+A225 Norderelbe
24%
A1+A602 Moseltal
22%
A1+A62 Nonnweiler
22%
A1+A60 Wittlich
22%
A1+A61 Erfttal
19%
Keine übereinstimmenden Quizze gefunden
Verteilung der Resultate
Anzahl Personen mit jedem Resultat
Perzentil nach korrekt beantworteten Fragen
Ihre Resultats-Entwicklung
Sie haben dieses Quiz noch nicht gespielt